| 000 | 00408nam a22001697a 4500 | ||
|---|---|---|---|
| 005 | 20160620124126.0 | ||
| 008 | 160620b xxu||||| |||| 00| 0 eng d | ||
| 020 | _a81-7992-195-6 | ||
| 041 | _aeng | ||
| 082 | _b8509 | ||
| 100 |
_aWhiman, Bruce and Stevenoon, L. Hard _92318 |
||
| 245 | _aDictionary of Environmental | ||
| 260 |
_bJaico _c2003 |
||
| 300 | _a434 | ||
| 650 |
_aManagement _9241 |
||
| 942 | _cBK | ||
| 999 |
_c3264 _d3263 |
||